Carta de avisos y apuntamientos /
Carta que tuvo su origen con motivo de que el religioso fray Francisco de Gonzaga fue electo maestro general de su orden monástica y doliéndose de verse elevado a tan alto puesto de la decadencia y relajación del Instituto, dirigió la expresada carta dando normas para efectuar una reforma entre los...
-д хадгалсан:
| Үндсэн зохиолч: | |
|---|---|
| Бусад зохиолчид: | |
| Формат: | Ном |
| Хэл сонгох: | испани |
| Нөхцлүүд: | |
| Шошгууд: |
Шошго байхгүй, Энэхүү баримтыг шошголох эхний хүн болох!
|
MARC
| LEADER | 00000nam^a2200000^a^4500 | ||
|---|---|---|---|
| 001 | 000136572 | ||
| 005 | 20250526000000.0 | ||
| 009 | 20260310095322.905 | ||
| 037 | |a Acervo ITESO - Biblioteca | ||
| 041 | |a ESP | ||
| 082 | |a 255. 3009 |b GON | ||
| 100 | |a Gonzaga, Francisco, |c Fray |e (autor) | ||
| 245 | 1 | 0 | |a Carta de avisos y apuntamientos / |c F. Gonzaga ; presen. de Federico Gómez de Orozco. |
| 264 | |a México : |b José Porrúa e Hijos, |c 1939 | ||
| 300 | |a 1 v. (sin paginación) ; |c 32.5 cm. (gran formato) | ||
| 520 | |a Carta que tuvo su origen con motivo de que el religioso fray Francisco de Gonzaga fue electo maestro general de su orden monástica y doliéndose de verse elevado a tan alto puesto de la decadencia y relajación del Instituto, dirigió la expresada carta dando normas para efectuar una reforma entre los franciscanos. | ||
| 534 | |a Reproducción facsimilar de la edición original de 1587, publicada en Roma | ||
| 649 | |a XX | ||
| 650 | |a Franciscanos - |x Historia | ||
| 650 | |a Monasticismo y Ordenes Religiosas - |x Historia | ||
| 650 | |a Iglesia Católica - |x Historia | ||
| 650 | |a Catolicismo | ||
| 650 | |a Cristianismo | ||
| 650 | |a Religión | ||
| 700 | |a Gómez de Orozco, Federico |e (presentación) | ||
| 910 | |a Fondo Salvador Reynoso Reynoso | ||
| 920 | |a Impresos - Libros | ||
| 930 | |a Libros Antiguos y Raros | ||
| 905 | |a 108 | ||
| 901 | |a 0800013676 |b IT2 |c LRA |u 20250526 | ||
| 902 | |a https://opac.biblio.iteso.mx/vufind/Record/000136572 | ||